Comentarios de Cuadernos para el diálogo al Populorum Progressi (Record no. 46434)

MARC details
000 -LEADER
campo de control de longitud fija 01010nam a2200253 i 4500
001 - NÚMERO DE CONTROL
campo de control 46434
003 - IDENTIFICADOR DE NÚMERO DE CONTROL
campo de control ES-MaACL
005 - FECHA Y HORA DE LA ÚLTIMA TRANSACCIÓN
campo de control 20231228201712.0
007 - CAMPO FIJO DE DESCRIPCIÓN FÍSICA--INFORMACIÓN GENERAL
campo de control de longitud fija t|
008 - DATOS DE LONGITUD FIJA--INFORMACIÓN GENERAL
campo de control de longitud fija 030328s1967 sp |||| | spa d
245 00 - MENCIÓN DEL TÍTULO
Título Comentarios de Cuadernos para el diálogo al Populorum Progressi
Resto del título : análisis previo "Problemática de la Populorum Progressio" /
Mención de responsabilidad, etc. por Joaquín Ruiz-Giménez, Mariano Aguilar, Pedro Altares, Óscar Alzaga;.
260 ## - PUBLICACIÓN, DISTRIBUCIÓN, ETC.
Lugar de publicación, distribución, etc. Madrid :
Nombre del editor, distribuidor, etc. Cuadernos para el Diálogo,
Fecha de publicación, distribución, etc. 1967.
300 ## - DESCRIPCIÓN FÍSICA
Extensión 206 p. ;
Dimensiones 19 cm.
490 1# - MENCIÓN DE SERIE
Mención de serie Cuadernos para el diálogo ;
Designación de volumen o secuencia 14
650 #4 - PUNTO DE ACCESO ADICIONAL DE MATERIA--TÉRMINO DE MATERIA
Término de materia o nombre geográfico como elemento de entrada Iglesia y problemas sociales-
Subdivisión general Encíclicas.
9 (RLIN) 137973
700 1# - ENTRADA AGREGADA--NOMBRE PERSONAL
Nombre de persona Ruiz-Giménez, Joaquín,
Fechas asociadas al nombre 1913-2009
9 (RLIN) 100820
700 1# - ENTRADA AGREGADA--NOMBRE PERSONAL
Nombre de persona Aguilar, Mariano.
9 (RLIN) 18703
700 1# - ENTRADA AGREGADA--NOMBRE PERSONAL
Nombre de persona Altares, Pedro.
9 (RLIN) 20521
700 1# - ENTRADA AGREGADA--NOMBRE PERSONAL
Nombre de persona Alzaga Villaamil, Óscar,
Fechas asociadas al nombre 1942-
9 (RLIN) 21051
710 2# - ENTRADA AGREGADA--NOMBRE DE ENTIDAD CORPORATIVA
Nombre de entidad corporativa o nombre de jurisdicción como elemento de entrada Cuadernos para el Diálogo.
9 (RLIN) 3333
830 1# - PUNTO DE ACCESO ADICIONAL DE SERIE-TÍTULO UNIFORME
Título uniforme Cuadernos para el diálogo ;
Designación de volumen o secuencia 14
9 (RLIN) 181812
852 ## - LOCALIZACIÓN
Ubicación ES-MaACL
Número de control de estantería C-33325
Holdings
Estatus retirado Estado de pérdida Estado de daño No para préstamo Biblioteca de origen Biblioteca actual Ubicación en estantería Fecha de adquisición Fuente de adquisición Total de préstamos Signatura topográfica completa Código de barras Visto por última vez Precio de reemplazo Tipo de ítem Koha
        Biblioteca del Ateneo de Madrid Biblioteca del Ateneo de Madrid Depósito 2 17/01/2008     C-33325 1048835 23/02/2023 23/02/2023 Libro impreso